Santiago del Teide - Choix multiples - Statistiques

Statistiques générales
  • Ce quiz a été pris 12 fois
    11 depuis la dernière actualisation
  • Le résultat moyen est 5 sur 10
Statistiques - réponses
Question Réponse % Correct
Sur quelle île espagnole Santiago del Teide se situe-t-elle ? Tenerife
100%
Que désigne "Teide" dans le nom de la commune ? Un volcan situé nom loin du village
80%
Pour quel type d'artisanat le village d'Arguayo est-il réputé ? La poterie
70%
Quel arbre fruitier est historiquement planté en terrasses sur les hauteurs de Puerto Santiago ? Le bananier
70%
Laquelle de ces images représente les falaises de Los Gigantes ?
60%
Quelle est la particularité de la Playa de la Arena, à Los Gigantes, sur le territoire de Santiago ? Son sable est complètement noir.
50%
En quoi consiste la Route de l'Art qui traverse le vieux village ? Une série de peintures murales représentant les îles de l'archipel
50%
En quelle année Juan Cabeza, l'un des premiers occupants espagnols de l'île, s'installa-t-il sur le territoire de Santiago del Teide ? 1508
10%
Quelle est la particularité de l'éruption du Chinyero de 1909 ? Elle est la dernière qu'ait connu l'île.
10%
Près de 40% des habitants de Santiago del Teide ne sont pas Espagnols. Quelle est leur principal pays d'origine ? Le Royaume-Uni
10%
Aucun quiz correspondant
Distribution des résultats
% des personnes avec chaque résultat
Percentile par nombre de réponses
Votre historique - résultats
Vous n’avez pas pris ce quiz depuis la dernière actualisation